Vplyv informačných systémov na podnikové procesy

Bibliographic Details
Main Authors: Čarnický, Štefan, 1945- (Author), Fečová, Lýdia (Author)
Format: Article
Language:Slovak
PhysicalDescription:Tab.
ISBN:8022522007
Subjects:

MARC

LEADER 00000naa a2200000 ar4500
001 vtls009281242
003 SK-MaSNL
005 20260309150146.0
008 080401c2006 xo zr|p|||||||000 b|slo
015 |a SNBRA2008/04  |2 snkbucl 
038 |a SNKBUCL 
040 |a SNKBUCL  |b slo  |c SNKBUCL  |e AACR2 
041 0 |a slo  |b eng 
044 |a xo  |c SK 
080 |a 658.012.43  |2 2001 
080 |a 658.012.45  |2 2001 
080 |a 005.346  |2 2001 
080 |a 004.6  |2 2001 
100 1 |a Čarnický, Štefan,  |d 1945-  |4 aut  |9 211057 
245 1 0 |a Vplyv informačných systémov na podnikové procesy  |c Štefan Čarnický, Lýdia Fečová 
300 |b Tab. 
504 |a Res. angl. 
546 |a Bibliogr. odkazy 
650 0 7 |a manažment procesov  |2 snkbucl  |9 79020 
650 0 7 |a informačné systémy  |2 snkbucl  |9 1128 
700 1 |a Fečová, Lýdia  |4 aut  |9 1155914 
773 0 |t Acta oeconomica Cassoviensia N°10  |d Košice : Ekonomická univerzita v Bratislave, Podnikovohospodárska Fakulta Košice, 2006  |g S. 5-16  |z 8022522007 
852 |a SNK  |b KIS3GCP 
958 |a NB 
999 |c 3367005  |d 3368935